| 000 | 00493nam a2200157Ia 4500 | ||
|---|---|---|---|
| 008 | 230718s9999 xx 000 0 und d | ||
| 041 | _aeng | ||
| 082 |
_a620.106 _bRAJ |
||
| 100 |
_aRajput R.K. _9137180 |
||
| 245 |
_aTextbook Of Hydraulic Machines _bFluid Mechanics And Hydraulic Machines, Part-II |
||
| 260 |
_c2010 _bS. Chand And Company |
||
| 300 | _a1003 to 1373 | ||
| 365 |
_cRs. _b175.00 |
||
| 700 |
_aRajput R.K. _9137180 |
||
| 906 |
_dO:0037004-Nov-2009B:209426-Oct-2009 _cMECH _b131.25 |
||
| 999 |
_c323127 _d323127 |
||